000
00321nam a22001457a 4500
008
231016b ||||| |||| 00| 0 eng d
020
_a
9780745651705
041
_a
eng
080
_a
159.9
082
_a
159.9GIL
100
_a
25
101
_a
PSI
245
_a
JOIMIMG THE RESISTANCE
_c
GILLIGAN .C
942
_2
udc
_c
BK
999
_c
60454
_d
60454